Дело о введении всеобщего обучения в Угличском уезде Ярославской губернии Московского учебного округа

Доступно только в Электронных читальных залах Найти на картеНа карте
RUSMARC
00004027nmc2a22002653x 450
0014f4936ad-dcc5-4a19-87ce-6138bac19be0
00520210220103423.0
100##$a20200805l18901918k l0rusy0189 ca
1010#$arus
102##$aRU
105##$ae###
1222#$ad
2001#$aДело о введении всеобщего обучения в Угличском уезде Ярославской губернии Московского учебного округа
$jбез даты
$h[Часть 3]
215##$a5 л.
$cплан.
$d36,5х26 см
251##$cДело
300##$aДело
300##$aОриг. заголовок дела: Планы и сметы Угличского уезда Ярославской губернии. без даты
371##$aДокумент не является опубликованным и широко распространяемым
461#0$1001a74412a3-3cc5-4d21-8f0a-dfe2fbd9e72d
$12001
$aДепартамент народного просвещения Министерства народного просвещения (1803-1917)
$1251
$cФонд
$1852
$j733
462#0$1001c9c0f809-e1ee-458c-a921-141b7f77403e
$12001
$aДела разряда по всеобщему обучению
$1251
$cОпись
$1852
$j186
5171#$aПланы и сметы Угличского уезда Ярославской губернии. без даты
801#0$aRU
$bРГИА
$c20200805
$gRCR
801#1$aRU
$bГлавНИВЦ
$c20200805
$2rusmarc
801#2$aRU
$bПБ им. Б.Н. Ельцина
$c20210220
$gRCR
$2rusmarc
850##$aРГИА
852##$aРГИА
$eФедеральное казенное учреждение "Российский государственный исторический архив" (РГИА)
$j744
937##$hРГИА
$d12344484
$aASBIBLIO_SCAN
035##$aRusGRCC00011221
856##$uhttp://readingroom.main.prlib.ru/item.aspx?id_node=n157714768&mode=full
Формат отображения